Csanády altábornagy a front élén
Elmentve itt :
| Dokumentumtípus: | Cikk |
|---|---|
| Megjelent: |
1915-01-16
|
| Sorozat: | Délmagyarország
4 No. 15 |
| Kulcsszavak: | Csanády Frigyes, Világháború 1., Magyarország |
| Online Access: | http://dmarchiv.bibl.u-szeged.hu/57024 |
| LEADER | 00440nab a2200145 i 4500 | ||
|---|---|---|---|
| 001 | delm57024 | ||
| 005 | 20180927144641.0 | ||
| 008 | 180927s1915 hu o 0|| hun d | ||
| 040 | |a SZTE Délmagyarország Archívum |b hun | ||
| 041 | |a hun | ||
| 245 | 0 | 0 | |a Csanády altábornagy a front élén |h [elektronikus dokumentum] |
| 260 | |c 1915-01-16 | ||
| 300 | |a 4 | ||
| 490 | 0 | |a Délmagyarország |v 4 No. 15 | |
| 695 | |a Csanády Frigyes, Világháború 1., Magyarország | ||